01490 2200241 4500001002100000005001500021035002000036007000300056008004100059020002200100082001200122084001900134100002300153245004900176250001000225260003600235300002000271520089200291600002601183990001301209990001301222990001301235INLIS00000000000843420220309053032 a0010-0322000453ta220309 g 0 ind  a978-623-228-762-4 a899.222 a899.222 SUW a0 aSuwardi Endraswara1 aANU ANTOLOGI GEGURITAN /cSuwardi Endraswara acet.1 aYogyakarta :bGraha Ilmu,c2020 a152HAL ;c25 cm aAntologi puisi ini memuat penyair-penyair dari seluruh Jawa. Penyair mulai dari senior hingga junior, mereka menyerahkan karyanya dengan bebas. Artinya, ada sajak-sajak baru dan ada pula yang belum pernah dimuat. Di sini banyak puisi yang benar-benar baru. Puisi yang termasuk dalam antologi berjudul Anu ini benar-benar menggambarkan ‘siapa’ manusia. Mono itu akan berarti apa saja, tolong. Yang jelas dalam puisi ini sudah mewakili hampir semua puisi yang ditampilkan. Sebuah antologi puisi berjudul Anu iki, guna menandai sejauh mana para pujangga di tanah Jawa. Kedepannya puisi ini dapat diterbitkan atau diterbitkan di semua tempat, seperti di Sanggar Sastra Jawa Yogyakarta, Sanggar Triwida, Sanggar Parikuning Banyuwangi, Ikatan Penulis Sastra Jawa Surabaya. Penyair-penyair yang ditampilkan, karena dipilih berdasarkan karya mereka telah sering memperluas dunia sastra Jawa. 4aPuisi Jawa - Kumpulan a022.7999 a022.8000 a022.8001